[Event "47th American Open"]
[Site "Orange USA"]
[Date "2011.11.27"]
[Round "7"]
[White "Remlinger,L"]
[Black "Akobian,V"]
[Result "0-1"]
[WhiteElo "2409"]
[BlackElo "2612"]

1.d4 d5 2.c4 c6 3.Nf3 Nf6 4.cxd5 cxd5 5.Nc3 Nc6 6.Bf4 Bf5 7.e3 e6 8.Ne5 Nxe5
9.Bxe5 Nd7 10.Bg3 a6 11.Bd3 Bxd3 12.Qxd3 Be7 13.O-O O-O 14.Rac1 Rc8 15.Rc2 Qa5
16.Rfc1 Rc6 17.f3 Rfc8 18.Be1 Bd6 19.e4 dxe4 20.fxe4 Qc7 21.e5 Bb4 22.Rf2 Nb6
23.Rd1 Bxc3 24.Bxc3 Nd5 25.Bd2 Rc2 26.Rdf1 Rxb2 27.Qg3 f5 28.Ba5 Qxa5 29.Rxb2 b5
30.Rbf2 Qb4 31.Qd3 Qc4 32.Qa3 b4 33.Qa4 h6 34.Qd7 Qc6 35.Qa7 Rc7 36.Qb8+ Rc8
37.Qa7 Rc7 38.Qb8+ Kh7 39.h4 Ne3 40.Re1 Nd5 41.Ref1 Qc4 42.Rd2 Qc3 43.Rdd1 Ne3
44.Qa8 Nxf1 45.Kxf1 Qc4+ 46.Kg1 Qxa2 47.h5 Qe2 48.Rf1 Rc2  0-1

[Event "North American Open"]
[Site "Las Vegas USA"]
[Date "2011.12.27"]
[Round "3"]
[White "Akobian,V"]
[Black "Rodriguez,Er"]
[Result "1-0"]
[WhiteElo "2612"]
[BlackElo "2344"]

1.d4 Nf6 2.c4 c5 3.d5 b5 4.cxb5 a6 5.bxa6 g6 6.Nc3 Bxa6 7.e4 Bxf1 8.Kxf1 d6
9.Nge2 Bg7 10.h3 O-O 11.Kg1 Qb6 12.Kh2 Na6 13.Rb1 Qb4 14.a3 Qa5 15.Qc2 Rfb8
16.Rd1 Rb7 17.Bg5 Ne8 18.f4 Kf8 19.Bh4 Rab8 20.Bg3 Bxc3 21.Nxc3 Rb3 22.Rd2 Nac7
23.Bh4 Qa6 24.Na2 Qb5 25.Nb4 Rxb4 26.axb4 Qxb4 27.Ra1 Qb3 28.Qxb3 Rxb3 29.e5 Nb5
30.Ra8 Nd4 31.Bg5  1-0

[Event "North American Open"]
[Site "Las Vegas USA"]
[Date "2011.12.28"]
[Round "5"]
[White "Sokolov,Ivan"]
[Black "Akobian,V"]
[Result "1/2-1/2"]
[WhiteElo "2646"]
[BlackElo "2612"]

1.d4 e6 2.c4 d5 3.Nc3 Be7 4.Bf4 Nf6 5.e3 O-O 6.a3 c5 7.dxc5 Bxc5 8.cxd5 Nxd5
9.Nxd5 exd5 10.Bd3 Bb6 11.Ne2 Nc6 12.O-O Be6 13.b4 Qf6 14.Qb1 h6 15.a4 Rac8
16.a5 Bc7 17.Bxc7 Rxc7 18.Rc1 Rfc8 19.b5 Ne5 20.Rxc7 Rxc7 21.Nd4 Rc3 22.Be2 Qe7
23.b6 axb6 24.axb6 Ra3 25.h3 Nd7 26.Rxa3  1/2-1/2

[Event "North American Open"]
[Site "Las Vegas USA"]
[Date "2011.12.29"]
[Round "6"]
[White "Akobian,V"]
[Black "Hunt,A"]
[Result "1-0"]
[WhiteElo "2612"]
[BlackElo "2458"]

1.d4 Nf6 2.c4 g6 3.Nc3 d5 4.Bg5 Ne4 5.Bh4 Nxc3 6.bxc3 dxc4 7.e3 Be6 8.Rb1 b6
9.Nf3 Bg7 10.Be2 O-O 11.O-O c6 12.e4 b5 13.Qc1 Bg4 14.h3 Bxf3 15.Bxf3 Qc7
16.e5 a6 17.e6 fxe6 18.Qe3 e5 19.d5 Kh8 20.Rfd1 cxd5 21.Rxd5 Qa7 22.Rbd1 Nc6
23.Qc5 Rac8 24.Qxa7 Nxa7 25.Bxe7 Rfe8 26.Bc5 Nc6 27.Bg4 Rc7 28.Rd7 Rcc8 29.R7d6 e4
30.Bxc8 Rxc8 31.Rxc6 Rxc6 32.Rd8+ Bf8 33.Bxf8 Kg8 34.Bb4+ Kf7 35.Rd6 Rxd6
36.Bxd6 Ke6 37.Bb4 Kd5 38.Kf1 Ke5 39.Ke2  1-0

[Event "Gibraltar Open"]
[Site "Caleta ENG"]
[Date "2012.01.24"]
[Round "1.24"]
[White "Peek,Mar"]
[Black "Akobian,V"]
[Result "0-1"]
[WhiteElo "2354"]
[BlackElo "2617"]

1.d4 d6 2.Nf3 Bg4 3.c4 Nd7 4.Qb3 Rb8 5.h3 Bxf3 6.Qxf3 g6 7.e3 Bg7 8.Nc3 c5
9.d5 Bxc3+ 10.bxc3 Qa5 11.Qd1 b5 12.cxb5 Qxc3+ 13.Bd2 Qe5 14.Be2 Qxd5 15.O-O Ngf6
16.Bf3 Qe6 17.Qa4 O-O 18.Rab1 Ne5 19.Be2 Rb7 20.Rfc1 Rfb8 21.Qc2 Qf5 22.a4 a6
23.f4 Qxc2 24.Rxc2 Ned7 25.Ra1 axb5 26.Bxb5 Ra7 27.Be2 Ne4 28.Be1 d5 29.Bf3 f5
30.a5 c4 31.Bxe4 fxe4 32.Bc3 Nc5 33.Bd4 Rb5 34.a6 Rxa6 35.Rxa6 Nxa6 36.Ra2 Nc5
37.Ra8+ Kf7 38.Rh8 h5 39.Rh7+ Ke8 40.g4 hxg4 41.hxg4 Ne6 42.Be5 d4 43.Rh8+ Kd7
44.exd4 c3 45.d5 c2 46.dxe6+ Kxe6 47.Rc8 Rb1+ 48.Kf2 c1=Q 49.Rxc1 Rxc1  0-1

[Event "Gibraltar Open"]
[Site "Caleta ENG"]
[Date "2012.01.25"]
[Round "2.20"]
[White "Akobian,V"]
[Black "Arnold,Mar"]
[Result "1/2-1/2"]
[WhiteElo "2617"]
[BlackElo "2482"]

1.d4 Nf6 2.c4 e6 3.Nf3 c5 4.d5 b5 5.Bf4 d6 6.dxe6 Bxe6 7.cxb5 a6 8.e4 Nxe4
9.Bd3 Nf6 10.O-O Be7 11.Ng5 Bg4 12.Qa4 Nbd7 13.bxa6 O-O 14.Nc3 d5 15.h3 Bh5
16.Qc2 Bg6 17.Bxg6 hxg6 18.Nf3 Rxa6 19.Nb5 Qb6 20.a4 Rc8 21.Rfe1 Bf8 22.Ne5 Nxe5
23.Bxe5 Nd7 24.Rad1 Qb7 25.b3 c4 26.Bd4 cxb3 27.Qxb3 Rc4 28.Ra1 Qa8 29.Red1 Raxa4
30.Nc7 Qc6 31.Rxa4 Rxa4 32.Nxd5 Ra3 33.Nb4 Qa4  1/2-1/2

[Event "Gibraltar Open"]
[Site "Caleta ENG"]
[Date "2012.01.26"]
[Round "3.18"]
[White "Krush,I"]
[Black "Akobian,V"]
[Result "1/2-1/2"]
[WhiteElo "2467"]
[BlackElo "2617"]

1.d4 d6 2.Nf3 Bg4 3.e4 Nf6 4.h3 Bh5 5.Nc3 c6 6.Bd3 e6 7.d5 cxd5 8.exd5 e5
9.g4 Bg6 10.Nh4 Nbd7 11.Nxg6 hxg6 12.Bd2 a6 13.Qe2 Nc5 14.O-O-O Be7 15.f4 Nfd7
16.Kb1 Qc7 17.g5 Nxd3 18.cxd3 b5 19.Ne4 Qb7 20.fxe5 Nxe5 21.Nxd6+ Bxd6 22.d4 Qxd5
23.dxe5 Be7 24.Bb4 Qe6 25.Bxe7 Qxe7 26.h4 Rc8 27.Ka1 Rc4 28.Qf3 Qe6 29.a3 Qc6
30.Qd3 O-O 31.h5 gxh5 32.Rxh5 Rc1+ 33.Rxc1 Qxc1+ 34.Ka2 Qc4+ 35.Qxc4 bxc4
36.Rh4 Rc8 37.Kb1 c3 38.b4 Re8 39.Re4 Kh7 40.Kc2 Kg6 41.e6 f5 42.gxf6 Kxf6
43.Kxc3 Rxe6 44.Rxe6+ Kxe6 45.Kd4 g5 46.Ke4 g4 47.a4 g3 48.Kf3 Kd5 49.Kxg3 Kc4
50.b5 axb5 51.axb5 Kxb5  1/2-1/2

[Event "Gibraltar Open"]
[Site "Caleta ENG"]
[Date "2012.01.27"]
[Round "4.25"]
[White "Akobian,V"]
[Black "Molina,Rob"]
[Result "1-0"]
[WhiteElo "2617"]
[BlackElo "2415"]

1.d4 d5 2.c4 e6 3.Nc3 Be7 4.Bf4 Nf6 5.e3 O-O 6.Nf3 Nbd7 7.Qc2 c5 8.Rd1 cxd4
9.Rxd4 Qa5 10.Bg3 Nb6 11.Nd2 dxc4 12.Bxc4 Nxc4 13.Nxc4 Qa6 14.O-O Bd7 15.Rfd1 Bc6
16.Bd6 Bxd6 17.Nxd6 Bd5 18.Ndb5 Rac8 19.Qd2 Qb6 20.Na3 Qc5 21.e4 Bc6 22.b4 Qe7
23.e5 Nd5 24.Ne4 Nb6 25.Nd6 Rb8 26.Nac4 Nxc4 27.Rxc4 Bd5 28.Rd4 f6 29.f4 h6
30.Rxd5 exd5 31.Qxd5+ Kh7 32.e6 f5 33.Nxf5 Qf6 34.Nd6 Rbd8 35.Qe4+ Kg8 36.f5 Qe7
37.Qe5 g6 38.Rd3 Rf6 39.g4 Rff8 40.Nf7 Rxf7 41.exf7+  1-0

[Event "Gibraltar Open"]
[Site "Caleta ENG"]
[Date "2012.01.28"]
[Round "5.16"]
[White "Choukri,A"]
[Black "Akobian,V"]
[Result "0-1"]
[WhiteElo "2115"]
[BlackElo "2617"]

1.d4 d6 2.g3 Nf6 3.Nf3 Bg4 4.Bg2 c6 5.c4 Nbd7 6.Nc3 e5 7.h3 Bh5 8.g4 Bg6
9.Nh4 Be7 10.Nxg6 hxg6 11.Be3 a6 12.Qd2 Qc7 13.O-O-O b5 14.g5 Nh5 15.d5 c5
16.cxb5 axb5 17.Nxb5 Qb7 18.Na3 O-O 19.Qc3 Rfb8 20.Rd2 Bd8 21.Nc4 Rxa2 22.Kc2 Qa6
23.Rb1 Rb4 24.Na3 Qa4+ 25.Kc1 Rb3 26.Qc2 Rbxa3 27.Qxa4 Rxa4 28.b3 Ra6 29.Rxa2 Rxa2
30.b4  0-1

[Event "Gibraltar Open"]
[Site "Caleta ENG"]
[Date "2012.01.29"]
[Round "6.4"]
[White "Akobian,V"]
[Black "Le Quang Liem"]
[Result "1/2-1/2"]
[WhiteElo "2617"]
[BlackElo "2714"]

1.d4 Nf6 2.c4 g6 3.Nc3 d5 4.Bg5 Bg7 5.Bxf6 Bxf6 6.cxd5 c6 7.Rc1 O-O 8.dxc6 Qxd4
9.Qxd4 Bxd4 10.cxb7 Bxb7 11.Nf3 Bf6 12.e3 Nd7 13.Bb5 Rfd8 14.O-O Bxf3 15.gxf3 Rab8
16.Bxd7 Rxd7 17.Rc2 Rdb7 18.Rb1 Bxc3 19.Rxc3 Rxb2 20.Rxb2 Rxb2 21.Ra3 Rb7
22.Kg2 Kg7 23.f4 f5 24.Ra6 Kf7 25.Kg3 Rc7 26.h3 h6 27.h4 h5 28.a4 Rb7 29.Kf3 Rc7
30.Kg3 Rb7 31.Kf3 Rc7  1/2-1/2

[Event "Gibraltar Open"]
[Site "Caleta ENG"]
[Date "2012.01.30"]
[Round "7.10"]
[White "Salem,AR"]
[Black "Akobian,V"]
[Result "1/2-1/2"]
[WhiteElo "2505"]
[BlackElo "2617"]

1.d4 Nf6 2.c4 e6 3.Nc3 Bb4 4.e3 O-O 5.Bd3 d5 6.Nf3 c5 7.O-O dxc4 8.Bxc4 Nbd7
9.Qe2 a6 10.Rd1 b5 11.Bb3 Bb7 12.a4 bxa4 13.Nxa4 Qb8 14.Bc4 cxd4 15.exd4 Bd6
16.h3 Nd5 17.Nc3 N7f6 18.Ne5 Qc7 19.Na4 Rac8 20.b3 a5 21.Bg5 h6 22.Bd2 Nb4
23.Rac1 Qe7 24.Re1 Bd5 25.Nb6 Rc7 26.Ng4 Rb8 27.Nxd5 Nfxd5 28.Qf3 Rbc8 29.Rcd1 a4
30.Bxd5 Nxd5 31.bxa4 Bb4  1/2-1/2

[Event "Gibraltar Open"]
[Site "Caleta ENG"]
[Date "2012.01.31"]
[Round "8.13"]
[White "Akobian,V"]
[Black "El Debs,F"]
[Result "1-0"]
[WhiteElo "2617"]
[BlackElo "2497"]

1.d4 d5 2.c4 c6 3.Nc3 Nf6 4.Nf3 dxc4 5.a4 e6 6.e4 Bb4 7.Bxc4 Nxe4 8.O-O Nf6
9.Qe2 O-O 10.Rd1 Nd5 11.Rd3 Nd7 12.Bg5 f6 13.Bd2 Re8 14.Re1 Nf8 15.h4 Bd7
16.h5 Bd6 17.Ne4 Nf4 18.Bxf4 Bxf4 19.g3 Bc7 20.h6 g6 21.Qd2 f5 22.Qc3 Ba5
23.b4 Bxb4 24.Qxb4 fxe4 25.Rxe4 Re7 26.Qxb7 Qb8 27.Rb3 Qxb7 28.Rxb7 Kf7 29.Ne5+ Ke8
30.Rf4 a5 31.Rb3 g5 32.Rg4 c5 33.dxc5 Bxa4 34.Ra3 Nd7 35.Rxg5 Nxe5 36.Rg8+ Kf7
37.Rxa8 Bc6 38.Rh8 Nxc4 39.Rxh7+ Kg8 40.Rxe7 Nxa3 41.Rxe6 Bd5 42.Rd6 Be4
43.c6 Nb5 44.Rd8+ Kh7 45.c7  1-0

[Event "Gibraltar Open"]
[Site "Caleta ENG"]
[Date "2012.02.01"]
[Round "9.4"]
[White "Mamedyarov,S"]
[Black "Akobian,V"]
[Result "1-0"]
[WhiteElo "2747"]
[BlackElo "2617"]

1.d4 d5 2.c4 e6 3.Nc3 c5 4.cxd5 exd5 5.Nf3 Nc6 6.g3 Nf6 7.Bg2 Be7 8.O-O O-O
9.Bg5 c4 10.Ne5 Be6 11.Nxc6 bxc6 12.b3 Qa5 13.Qd2 Bb4 14.Bxf6 gxf6 15.Rfc1 Rad8
16.bxc4 dxc4 17.e3 c5 18.d5 Bxc3 19.Rxc3 Bxd5 20.Bxd5 Rxd5 21.Qc2 Rb8 22.Rxc4 Rb4
23.Rb1 Rxb1+ 24.Qxb1 Qb6 25.Qc2 f5 26.Rf4 Qc6 27.h3 h6 28.Kh2 a6 29.a4 Kg7
30.a5 Qe6 31.Qc3+ Qe5 32.Qc4 Qe6 33.h4 Kg8 34.Qc2 Kg7 35.e4 fxe4 36.Rxe4 Qf5
37.Qb2+ Rd4 38.Rxd4 cxd4 39.Qxd4+ f6 40.Qb6 h5 41.Kg1 Qd3 42.Qb7+ Kg6 43.Kg2 Qc4
44.Qb1+ Kg7 45.Qf5 Qc6+ 46.Kh2 Kh6 47.Kg1 Qc1+ 48.Kg2 Qc6+ 49.Qf3 Qd6 50.Kf1 Kg6
51.Qe4+ Kg7 52.Qf5 Qc6 53.Kg1 Kh6 54.Kh2 Qd6 55.Kh3 Qc6 56.f3 Qc3 57.g4 hxg4+
58.Kxg4 Qb2 59.Qf4+ Kg7 60.Qc7+ Kg6 61.h5+ Kh6 62.Kf5 Qb5+ 63.Kxf6 Qg5+ 64.Ke6 Qe3+
65.Kd7 Kxh5 66.f4 Kg4 67.Kc8 Qb3 68.Qe5 Qb4 69.Kc7 Qb3 70.Kc6 Qb4 71.Qg5+ Kf3
72.Qh5+ Kg3 73.Qg5+ Kf3 74.Kc7 Qb3 75.Qf6 Qb4 76.Qe5 Kg4 77.f5 Kg5 78.Kc6 Qb3
79.Qc5 Qb8 80.Kd7 Qb7+ 81.Ke6 Qb3+ 82.Kd7 Qb7+ 83.Kd6 Qb3 84.Kc7 Qf7+ 85.Kb6 Qe8
86.Kxa6 Qa8+ 87.Kb6 Qb8+ 88.Kc6 Qc8+ 89.Kd5 Qd7+ 90.Kc4 Qa4+ 91.Kc3 Qa1+
92.Kb4 Qb2+ 93.Ka4 Qa2+ 94.Kb5 Qb3+ 95.Kc6 Qa4+ 96.Kc7 Qf4+ 97.Kb7 Qe4+ 98.Ka7 Qe8
99.Qd5 Qe7+ 100.Kb8 Qe8+ 101.Kc7 Qe7+ 102.Kc8 Qa7 103.f6+ Kxf6 104.Qd8+  1-0

[Event "Gibraltar Open"]
[Site "Caleta ENG"]
[Date "2012.02.02"]
[Round "10.17"]
[White "Akobian,V"]
[Black "Cabrera,Ale"]
[Result "0-1"]
[WhiteElo "2617"]
[BlackElo "2504"]

1.d4 f5 2.Nc3 Nf6 3.Bg5 d5 4.Bxf6 exf6 5.e3 Be6 6.Bd3 Nc6 7.Nge2 Qd7 8.a3 Bf7
9.Na4 g6 10.b3 Na5 11.O-O Bd6 12.Nc5 Qc8 13.Qd2 b6 14.Ba6 Qb8 15.Qc3 bxc5
16.dxc5 Be5 17.Qxa5 Bxa1 18.Rxa1 O-O 19.Nd4 Be8 20.c6 Qb6 21.Qxd5+ Bf7 22.Qb5 Rfe8
23.g3 Re5 24.Qxb6 axb6 25.Bb7 Rd8 26.b4 Bc4 27.a4 g5 28.c3 Kf7 29.a5 bxa5
30.bxa5 Rdd5 31.Ra4 Bd3 32.a6 Ra5 33.Rxa5 Rxa5 34.Nb3 Ra2 35.Nc5 Be2 36.f4 Ke7
37.h3 h6 38.h4 gxh4 39.gxh4 Kd6 40.Nd7 Bxa6 41.Nxf6 Bxb7 42.cxb7 Rb2 43.Ng8 Rxb7
44.Nxh6 Ke6 45.e4 fxe4 46.Kf2 Rb3 47.Ke3 Kd5 48.Kd2 Rb2+ 49.Ke3 Rc2 50.f5 Rxc3+
51.Kf4 Rf3+ 52.Kg4 Rf1  0-1

[Event "6th Philadelphia Open"]
[Site "Philadelphia USA"]
[Date "2012.04.05"]
[Round "3.6"]
[White "Prasca Sosa,R"]
[Black "Akobian,V"]
[Result "1/2-1/2"]
[WhiteElo "2420"]
[BlackElo "2621"]

1.e4 e6 2.d4 d5 3.Nd2 Nd7 4.e5 Ne7 5.f4 c5 6.c3 Nc6 7.Ndf3 Qb6 8.g3 cxd4
9.cxd4 Bb4+ 10.Kf2 Be7 11.Kg2 f5 12.Ne2 a6 13.h3 Nf8 14.Nc3 Bd7 15.Rb1 Rc8
16.Be3 Na5 17.Na4 Qd8 18.Nc5 Bb5 19.Bxb5+ axb5 20.Bf2 Bxc5 21.dxc5 Nc6 22.b4 Ra8
23.Qd3 Rxa2 24.Ra1 Rb2 25.Rhb1 Rxb1 26.Rxb1 Nd7 27.Qxb5 Qc7  1/2-1/2

[Event "6th Philadelphia Open"]
[Site "Philadelphia USA"]
[Date "2012.04.06"]
[Round "4.8"]
[White "Akobian,V"]
[Black "Bonin,J"]
[Result "1-0"]
[WhiteElo "2621"]
[BlackElo "2313"]

1.d4 d6 2.Nf3 Bg4 3.c4 c6 4.Nc3 Nd7 5.e4 g6 6.Be2 Bg7 7.Be3 Ngf6 8.O-O O-O
9.Rc1 e5 10.d5 Bxf3 11.Bxf3 c5 12.Qd3 Kh8 13.Bg5 a6 14.a3 Qc7 15.Be2 Ng8
16.Qh3 f5 17.exf5 gxf5 18.f4 e4 19.g4 Qb6 20.Rb1 Qb3 21.gxf5 Nb6 22.Kh1 Nxc4
23.Bd1 Qb6 24.Nxe4 Bd4 25.f6 Ne3 26.Rg1 Nxd1 27.Rbxd1 Bxg1 28.Qd7  1-0

[Event "ch-USA 2012"]
[Site "Saint Louis USA"]
[Date "2012.05.08"]
[Round "1"]
[White "Akobian,V"]
[Black "Seirawan,Y"]
[Result "1-0"]
[WhiteElo "2625"]
[BlackElo "2643"]

1.d4 Nf6 2.c4 e6 3.Nf3 d5 4.Nc3 Nbd7 5.Bf4 dxc4 6.e3 Nd5 7.Bxc4 Nxf4 8.exf4 Bd6
9.g3 O-O 10.O-O b6 11.Re1 Bb7 12.d5 exd5 13.Bxd5 Bxd5 14.Qxd5 Nf6 15.Qc6 Qd7
16.Qxd7 Nxd7 17.Nb5 Nf6 18.Rac1 Rfc8 19.Rc6 Kf8 20.Rec1 Rd8 21.Nxc7 Rab8
22.a3 a5 23.Kg2 Ne4 24.R1c4 Nc5 25.b4 axb4 26.axb4 Bxc7 27.Rxc7 Ne6 28.Ra7 Ra8
29.Rxa8 Rxa8 30.Rc6 Rb8 31.Ng5 Nd8 32.Rc7 h6 33.Nf3 Rb7 34.Rc8 Ke7 35.Ne5 Ne6
36.b5 Nc7 37.Nc6+ Kd6 38.Rd8+ Kc5 39.Rd7 Kxb5 40.Nd8 Ra7 41.Rxf7 g6 42.g4 Ra8
43.Rxc7 Rxd8 44.Rh7 h5 45.f5 hxg4 46.fxg6 Rg8 47.Rh6 Kc4 48.Kg3 b5 49.Kxg4 b4
50.Kg5 b3 51.Rh4+ Kc5 52.Re4 b2 53.Re1 Rb8 54.Rb1 Kd6 55.g7 Ke7 56.Rxb2  1-0

[Event "ch-USA 2012"]
[Site "Saint Louis USA"]
[Date "2012.05.11"]
[Round "4"]
[White "Akobian,V"]
[Black "Lenderman,A"]
[Result "1/2-1/2"]
[WhiteElo "2625"]
[BlackElo "2587"]

1.d4 Nf6 2.c4 e6 3.Nf3 d5 4.Nc3 Bb4 5.cxd5 exd5 6.Bg5 h6 7.Bh4 Nbd7 8.e3 g5
9.Bg3 Ne4 10.Nd2 Nxg3 11.hxg3 Nb6 12.Bd3 Be6 13.Qc2 c6 14.O-O-O Qe7 15.a3 Bd6
16.e4 dxe4 17.Bxe4 Bc7 18.Nb3 O-O-O 19.Bf5 Kb8 20.Rhe1 Bxb3 21.Rxe7 Bxc2
22.Kxc2 Rhf8 23.g4 Nd5 24.Nxd5 Rxd5 25.Rd7 Rxd7 26.Bxd7 Rd8 27.Bf5 Bb6 28.Kc3 a5
29.f3 Rd6 30.Be4 Bd8 31.d5 Bf6+ 32.Kc2 Kc7 33.dxc6  1/2-1/2

[Event "ch-USA 2012"]
[Site "Saint Louis USA"]
[Date "2012.05.16"]
[Round "8"]
[White "Akobian,V"]
[Black "Ramirez,Alej"]
[Result "1-0"]
[WhiteElo "2625"]
[BlackElo "2593"]

1.d4 Nf6 2.Nf3 c5 3.d5 b5 4.Bg5 Ne4 5.Bh4 Bb7 6.a4 Qa5+ 7.Nbd2 bxa4 8.c3 f5
9.Rxa4 Qb6 10.Nc4 Qh6 11.e3 g5 12.Bg3 Nxg3 13.fxg3 Bg7 14.Na5 Bc8 15.g4 fxg4
16.Rxg4 O-O 17.Bd3 Kh8 18.O-O d6 19.Nxg5 Bf6 20.Rg3 Bxg5 21.Rxf8+ Qxf8 22.Rxg5 Nd7
23.Bxh7 Qh6 24.Rg3 Nf6 25.Bc2 Bg4 26.Qe1 Rg8 27.h3 Bxh3 28.Rxg8+ Kxg8 29.gxh3 Qxh3
30.Bd1 Ng4 31.Bxg4 Qxg4+ 32.Kh2 Qh5+ 33.Kg1 Qg5+ 34.Kf2 Qxd5 35.Ke2 Qh5+
36.Kd2 c4 37.b4 cxb3 38.Nxb3 Qd5+ 39.Kc2 Qe4+ 40.Kb2 Kf7 41.Qd2 Qc4 42.Qd4 Qe2+
43.Nd2 Ke8 44.Kc2 Qa6 45.Qc4 Qb6 46.e4 Kd8 47.Nb3 Qf2+ 48.Kb1 Qb6 49.Ka2 Kd7
50.Nd4 a6 51.Qa4+  1-0

[Event "ch-USA 2012"]
[Site "Saint Louis USA"]
[Date "2012.05.18"]
[Round "10"]
[White "Akobian,V"]
[Black "Onischuk,Al"]
[Result "1/2-1/2"]
[WhiteElo "2625"]
[BlackElo "2660"]

1.d4 d5 2.c4 dxc4 3.e3 e5 4.Bxc4 exd4 5.exd4 Bd6 6.Nc3 Nf6 7.Qe2+ Qe7 8.Qxe7+ Bxe7
9.Bf4 c6 10.O-O-O Nbd7 11.Re1 Nb6 12.Bb3 Nfd5 13.Nxd5 Nxd5 14.Bxd5 cxd5 15.Bd6 Be6
16.Bxe7 Kxe7 17.Ne2 Rhe8 18.Kd2 Kd7 19.Nf4 f6 20.Nxe6 Rxe6 21.Rxe6 Kxe6 22.Rc1 Kd6
23.Rc3 Re8 24.Ra3 a6 25.Rb3 Re7 26.f3 Kc7 27.Rc3+ Kb8 28.h4 Re6 29.Rc5 Rd6
30.Ke3 Re6+ 31.Kd2 Rd6 32.Ke3 Re6+ 33.Kd2  1/2-1/2

[Event "ch-USA 2012"]
[Site "Saint Louis USA"]
[Date "2012.05.19"]
[Round "11"]
[White "Kaidanov,G"]
[Black "Akobian,V"]
[Result "0-1"]
[WhiteElo "2594"]
[BlackElo "2625"]

1.d4 Nf6 2.c4 e6 3.Nc3 Bb4 4.e3 O-O 5.Bd3 d5 6.Nf3 c5 7.O-O dxc4 8.Bxc4 Nbd7
9.a3 Bxc3 10.bxc3 b6 11.Re1 Bb7 12.Bd3 Ne4 13.Bb2 f5 14.c4 Qe7 15.a4 a5 16.Rb1 Rad8
17.Ba1 Rf6 18.d5 Rg6 19.Bxe4 fxe4 20.d6 Rxg2+ 21.Kxg2 exf3+ 22.Kh1 Qh4 23.Rg1 e5
24.Qd2 Be4 25.Rbc1 Re8 26.Rg3 Re6 27.Rcg1 Rh6 28.Rxg7+ Kf8 29.Rg8+ Kf7 30.R1g7+ Kf6
31.Kg1 Qxh2+ 32.Kf1 Rg6 33.Rxg6+ hxg6  0-1

[Event "21st Chicago Open"]
[Site "Wheeling USA"]
[Date "2012.05.26"]
[Round "5"]
[White "Perunovic,Mil"]
[Black "Akobian,V"]
[Result "1-0"]
[WhiteElo "2577"]
[BlackElo "2625"]

1.e4 c6 2.d4 d5 3.e5 Bf5 4.Nd2 e6 5.Nb3 c5 6.dxc5 Bxc5 7.Nxc5 Qa5+ 8.c3 Qxc5
9.Be3 Qc7 10.f4 Ne7 11.Nf3 Nbc6 12.Be2 O-O 13.O-O Rfd8 14.Rc1 Rac8 15.Qe1 Be4
16.Nd2 Bg6 17.Nf3 Qa5 18.a3 Nf5 19.Bf2 Qa4 20.b4 Bh5 21.h3 Bxf3 22.Bxf3 d4
23.g4 Nfe7 24.Bh4 Rd7 25.cxd4 Nxd4 26.Rxc8+ Nxc8 27.Bg2 Qxa3 28.f5 Nc2 29.Qc1 Qd3
30.Kh2 Qd2 31.Bg5 Qe2 32.fxe6 fxe6 33.Qf4 h6 34.Rf2 Qe1 35.Be4 Qxb4 36.Rxc2  1-0

[Event "21st Chicago Open"]
[Site "Wheeling USA"]
[Date "2012.05.28"]
[Round "8"]
[White "Akobian,V"]
[Black "Arjun,V"]
[Result "1-0"]
[WhiteElo "2625"]
[BlackElo "2296"]

1.d4 Nf6 2.c4 e6 3.Nf3 Bb4+ 4.Bd2 Qe7 5.g3 Nc6 6.Nc3 Bxc3 7.Bxc3 Ne4 8.Rc1 d6
9.d5 Nxc3 10.Rxc3 Nb8 11.Bg2 e5 12.O-O O-O 13.Qc2 a5 14.Nd2 f5 15.c5 Na6
16.cxd6 cxd6 17.Rc1 b5 18.a3 Bd7 19.Qd3 Rab8 20.Nb3 b4 21.axb4 axb4 22.R3c2 Bb5
23.Qd2 f4 24.Na5 Qa7 25.gxf4 Rxf4 26.e3 Rf6 27.Nc6 Bxc6 28.dxc6 Nc5 29.Qd5+ Kf8
30.Rxc5 dxc5 31.Qxe5 Re8 32.Qxc5+ Qxc5 33.Rxc5 Rc8 34.Rb5 Rd6 35.Bd5 Rxd5
36.Rxd5 Rxc6 37.Rb5 Rc4 38.Rb7 Rg4+ 39.Kf1 Kg8 40.h3 Rh4 41.Kg2 g5 42.Rb5 h6
43.b3 Re4 44.Kf3 Rh4 45.Kg3 Re4 46.Rd5 Re7 47.Rd4 Rb7 48.h4 Kg7 49.hxg5 hxg5
50.Kg4 Rb5 51.e4 Rc5 52.Rxb4 Rc2 53.Kxg5 Rxf2 54.Rb7+ Kf8 55.b4 Ke8 56.b5 Rf1
57.b6 Kd8 58.e5 Rb1 59.Kf6 Kc8 60.Rc7+ Kd8 61.Rc6 Kd7 62.Rd6+ Ke8 63.Ke6 Rb2
64.Kd5 Ke7 65.Kc6 Rc2+ 66.Kb7 Rc5 67.Rc6 Rxe5 68.Kc7 Rd5 69.b7 Rd7+ 70.Kb6 Rxb7+
71.Kxb7  1-0

[Event "21st Chicago Open"]
[Site "Wheeling USA"]
[Date "2012.05.28"]
[Round "9"]
[White "Bartholomew,J"]
[Black "Akobian,V"]
[Result "1/2-1/2"]
[WhiteElo "2445"]
[BlackElo "2625"]

1.d4 d6 2.Nf3 Bg4 3.c4 Nd7 4.g3 e5 5.Bg2 c6 6.Nc3 Be7 7.O-O Ngf6 8.h3 Bh5
9.Nh4 Bg6 10.Nxg6 hxg6 11.Rb1 O-O 12.e3 a5 13.Qd3 Qc7 14.Bd2 Rfd8 15.Rfc1 Nb6
16.b3 Nfd7 17.Be1 Nf6 18.Bd2 Nfd7 19.Be1  1/2-1/2

[Event "National Open 2012"]
[Site "Las Vegas USA"]
[Date "2012.06.15"]
[Round "1"]
[White "Akobian,V"]
[Black "Chakraborty,Di"]
[Result "1-0"]
[WhiteElo "2625"]
[BlackElo "2135"]

1.d4 Nf6 2.Nf3 g6 3.c4 Bg7 4.Nc3 O-O 5.Bg5 d6 6.e3 c6 7.Be2 Nbd7 8.Qc2 e5
9.O-O Qe7 10.Rfd1 Re8 11.Rac1 h6 12.Bh4 g5 13.dxe5 dxe5 14.Bg3 Nh5 15.Nd2 Nxg3
16.hxg3 Nf6 17.a3 e4 18.b4 Bf5 19.c5 Rad8 20.Nc4 Rxd1+ 21.Rxd1 Bg6 22.Qa4 Nd7
23.Nd6 Bxc3 24.Nxe8 Qxe8 25.Qxa7 Qc8 26.Ba6 bxa6 27.Qxd7 Qxd7 28.Rxd7 Bb2
29.a4 Ba3 30.b5 axb5 31.axb5 cxb5 32.c6 Bf5 33.Rd8+ Kg7 34.c7 Be7 35.c8=Q Bxc8
36.Rxc8 f5 37.Rc6 b4 38.Kf1 Bf6 39.Rb6 Bc3 40.f3 h5 41.fxe4 fxe4 42.Ke2 g4
43.Kd1 Kh7 44.Rc6 Kg7 45.Rxc3 bxc3 46.Kc2 Kf6 47.Kxc3 Kg5 48.Kd4 h4 49.gxh4+ Kxh4
50.Kxe4  1-0

[Event "National Open 2012"]
[Site "Las Vegas USA"]
[Date "2012.06.15"]
[Round "2"]
[White "Harmon,L"]
[Black "Akobian,V"]
[Result "0-1"]
[WhiteElo "2257"]
[BlackElo "2625"]

1.d4 Nf6 2.c4 e6 3.Nc3 Bb4 4.Qc2 c5 5.dxc5 Bxc5 6.Nf3 Qb6 7.e3 Be7 8.Be2 d6
9.O-O Nbd7 10.b3 O-O 11.Bb2 a6 12.Rfd1 Qc7 13.Nd4 b6 14.Bf3 Bb7 15.Bxb7 Qxb7
16.Qe2 Rac8 17.Qf3 Qxf3 18.Nxf3 Nc5 19.Rac1 Rc7 20.Nd4 Rfc8 21.f3 Nfd7 22.Kf1 Ne5
23.Ke2 Kf8 24.f4 Nc6 25.Nxc6 Rxc6 26.Kf3 h5 27.Ne2 R6c7 28.Rd2 f5 29.Ba3 Ne4
30.Rdd1 Kf7 31.Bb2 Bf6 32.Ba3 g5 33.g3 g4+ 34.Kg2 Rc6 35.Bb4 Kg6 36.a4 Rh8
37.Kf1 Rh7 38.Kg2 Kf7 39.Bc3 h4 40.Bxf6 Kxf6 41.Nc3 Nxc3 42.Rxc3 hxg3 43.hxg3 d5
44.Rdc1 Rhc7 45.Kf2 Rc5 46.Ke2 Rh7 47.Kd3 Rh3 48.Rg1 Rh2 49.Rcc1 Rb2 50.Kc3 Ra2
51.Ra1 Rxa1 52.Rxa1 dxc4 53.bxc4 b5 54.axb5 axb5 55.Kb4 Rxc4+ 56.Kxb5 Rc2
57.Rg1 Re2 58.Kc4 Rxe3 59.Kd4 Re4+ 60.Kd3 e5 61.fxe5+ Rxe5 62.Ra1 Kg5 63.Ra8 Re1
64.Kd2 Re7 65.Ra6 Re8 66.Rb6 Re5 67.Rb8 Re6 68.Rf8 Kg6 69.Ra8 Rb6 70.Ke3 Rb2
71.Ra3 Rg2 72.Kd4 Kg5 73.Rd3 f4 74.gxf4+ Kxf4 75.Ra3 Rd2+ 76.Kc3 Rd8 77.Ra7 g3
78.Rf7+ Kg4 79.Rg7+ Kf3 80.Rf7+ Kg2 81.Rg7 Kf2 82.Rf7+ Kg1 83.Rg7 g2 84.Rg5 Rh8
85.Kd2 Kh2 86.Ke2 g1=Q  0-1

[Event "National Open 2012"]
[Site "Las Vegas USA"]
[Date "2012.06.16"]
[Round "3"]
[White "Akobian,V"]
[Black "Bryant,J"]
[Result "0-1"]
[WhiteElo "2625"]
[BlackElo "2363"]

1.d4 Nf6 2.c4 c5 3.d5 e6 4.Nc3 exd5 5.cxd5 d6 6.Nf3 g6 7.Bf4 Bg7 8.e3 O-O
9.h3 Na6 10.Be2 Nc7 11.O-O a6 12.a4 Rb8 13.a5 b5 14.axb6 Rxb6 15.Ra2 Ncxd5
16.Nxd5 Nxd5 17.Bg5 Qc7 18.Qd2 Qb8 19.Bc4 Nb4 20.Ra3 Bb7 21.Rd1 d5 22.Be2 Re8
23.Rc1 Rc6 24.Bf4 Qd8 25.Rb3 Qb6 26.Bf1 a5 27.Ra3 Rcc8 28.Rca1 Ra8 29.Rc1 h6
30.Be2 Ba6 31.Bxa6 Rxa6 32.h4 c4 33.Rb1 Nd3 34.Bg3 a4 35.h5 g5 36.Rxd3 cxd3
37.Qxd3 Qb7 38.Nd4 Rb6 39.Qa3 Ra8 40.Nf5 Bf8 41.Qc3 a3 42.Be5 axb2 43.Kh2 Qc8
44.Qxc8 Rxc8 45.Rxb2 Rxb2 46.Bxb2 Rc2 47.Bd4 Rxf2 48.Kg1 Rxf5 49.g4 Bg7 50.gxf5 Bxd4
51.exd4 Kg7  0-1

[Event "2nd Metropolitan International"]
[Site "Los Angeles USA"]
[Date "2012.08.14"]
[Round "1"]
[White "Kavutskiy,K"]
[Black "Akobian,V"]
[Result "0-1"]
[WhiteElo "2281"]
[BlackElo "2617"]

1.d4 Nf6 2.c4 e6 3.Nf3 Bb4+ 4.Bd2 a5 5.g3 b6 6.Bg2 Bb7 7.O-O O-O 8.Bg5 Be7
9.Nc3 h6 10.Bxf6 Bxf6 11.e4 d6 12.Qc2 g6 13.Rad1 Nd7 14.a3 Qe7 15.Rfe1 Bg7
16.Re2 Rfe8 17.b3 Rac8 18.Kh1 c6 19.Qd2 Ba6 20.Re3 h5 21.Ree1 b5 22.cxb5 cxb5
23.Bf1 Qf6 24.Kg2 b4 25.axb4 axb4 26.Na2 Bb7 27.Qxb4 Ba8 28.Qxd6 Red8 29.Qa3 g5
30.Rd3 h4 31.Nc3 h3+ 32.Kg1 g4 33.Nd2 Nc5 34.Nd5 Rxd5 35.exd5 Nxd3 36.Bxd3 Bxd5
37.Qb2 Bh6 38.Be4 Bxe4 39.Rxe4 Qf5 40.Re5 Qd3  0-1

[Event "2nd Metropolitan International"]
[Site "Los Angeles USA"]
[Date "2012.08.15"]
[Round "2"]
[White "Akobian,V"]
[Black "Pruess,D"]
[Result "1-0"]
[WhiteElo "2617"]
[BlackElo "2375"]

1.d4 Nf6 2.c4 g6 3.Nc3 d5 4.Bg5 Ne4 5.Bh4 c5 6.cxd5 Nxc3 7.bxc3 Qxd5 8.e3 Bg7
9.Nf3 Nc6 10.Be2 O-O 11.O-O cxd4 12.cxd4 Bf5 13.Qa4 Rfc8 14.Rac1 Qd6 15.Qb5 b6
16.Bg3 Qd7 17.d5 Na5 18.Qxd7 Bxd7 19.Ba6 Rxc1 20.Rxc1 Kf8 21.e4 Ke8 22.Rc7 h6
23.e5 Kd8 24.d6 Bf8 25.Nd4 Bc8 26.Bb5 a6 27.Nc6+ Nxc6 28.Bxc6 Rb8 29.d7 Kxc7
30.e6+ Kd8 31.Bxb8 fxe6 32.dxc8=Q+ Kxc8 33.Be5  1-0

[Event "2nd Metropolitan International"]
[Site "Los Angeles USA"]
[Date "2012.08.15"]
[Round "3"]
[White "Molner,M"]
[Black "Akobian,V"]
[Result "1/2-1/2"]
[WhiteElo "2491"]
[BlackElo "2617"]

1.c4 e6 2.Nc3 Bb4 3.Qc2 c5 4.a3 Ba5 5.Nf3 Nc6 6.e3 d5 7.Na4 Bb6 8.cxd5 Qxd5
9.Bc4 Qf5 10.Bd3 Qh5 11.Be2 Nf6 12.b4 e5 13.d3 O-O 14.Nxc5 Bg4  1/2-1/2